000 00273nam a2200109Ia 4500
008 190914s9999||||xx |||||||||||||| ||und||
100 _aRobert L. Linn
245 0 _aMeasurement and Assessment in Teaching
260 _aNew Delhi
_bAddison
_c2001
300 _a790
942 _cBK
999 _c9005
_d9005